000 00650cam a2200217 4500
001 5125
010 _a9725644840
021 _b196568/03
090 _a5125
100 _a20031023d2003 d y0pory5003 ba
200 1 _aAs botas do sargento
_fVasco Graça Moura
_ginspirado na obra de Paula Rego
_gcoord. Rosário Sousa Machado
205 _a3ª ed
210 9 _aLisboa
_cQuetzal
_dD.L. 2003
215 _a46 p.
_cil.
_d21 cm
225 2 _aOlhar um conto
675 _a82-93 / 821.134.3
_vPT
_zpor
700 1 _aMoura,
_bVasco Graça
_f1942-2014
702 1 _aMachado,
_bRosário de Sousa
702 1 _aRego,
_bPaula
_f1935-2022
801 _aPT
_bBMVN
_gRPC
990 _cLIVROS